Zamora la Vieja /

Zapisane w:
Opis bibliograficzny
1. autor: Franco, Luis G. (autor)
Format: Książka
Język:hiszpański
Wydane: Zamora, México : Promotora Audiovisual, 1979
Hasła przedmiotowe:
Etykiety: Dodaj etykietę
Nie ma etykietki, Dołącz pierwszą etykiete!

MARC

LEADER 00000nam^a2200000^a^4500
001 000011757
005 20250521000000.0
009 20260310083756.437
037 |a Acervo ITESO - Biblioteca 
041 |a ESP 
082 |a 863.  |b FRA 
100 |a Franco, Luis G.  |e (autor) 
245 1 0 |a Zamora la Vieja /  |c L.G. Franco. 
264 1 |a Zamora, México :  |b Promotora Audiovisual,  |c 1979 
300 |a 51 p. 
336 |a texto  |b txt  |2 rdacontenido 
337 |a sin mediación  |b n  |2 rdamedio 
338 |a volumen  |b nc  |2 rdasoporte 
649 |a XX 
650 |a Crónicas Mexicanas 
650 |a Literatura Mexicana 
650 |a Zamora, Michoacán -  |x Historia 
910 |a Fondo General 
920 |a Impresos - Libros 
930 |a Colección General 
940 |a Literatura 
905 |a 101 
901 |a 0117570100  |b IT1  |c LIT  |i 011757  |u 20250521 
902 |a https://opac.biblio.iteso.mx/vufind/Record/000011757